Statistiques concernant Films se déroulant à Las Vegas par images

Cliquez ici pour prendre le quiz!

Statistiques générales

  • Ce quiz a été pris 78 fois
  • Le résultat moyen est 7 sur 16

Statistiques - réponses

Réponse% Correct
Les Tuche 2 : Le Rêve américain
90%
Very Bad Trip
82%
Casino
70%
Percy Jackson : Le Voleur de foudre
70%
Rango
58%
Les Diamants sont éternels
56%
Elvis
54%
Rain Man
52%
Ocean's Eleven
41%
Austin Powers
35%
Dodgeball ! Même pas mal !
23%
Les Ailes de l'enfer
18%
Les Infidèles
15%
Le Parrain
13%
The Big Short : Le Casse du siècle
10%
Cool World
6%

Distribution des résultats

Percentile par nombre de réponses

% des personnes avec chaque résultat

Votre développement - résultats

Vous n’avez pas pris ce quiz